Building research journal quarterly journal for theoretical problems of structural materials and structures

Bibliographic Details
Previous Title:Stavebnícky časopis
Corporate Author: Slovenská akadémia vied. Ústav stavebníctva a architektúry
Other Authors: Janotka, Ivan (Publishing director), Matiašovský, Peter, 1956- (Publishing director)
Format: Journal
Language:English
PhysicalDescription:zv. 26 cm
Published: Bratislava Slovak Academic Press 1994-2012
Bratislava Institute of Construction and Architecture Slovak Academy of Sciences
ISSN:1335-8863
0039-078X
Subjects:

MARC

LEADER 00000cas a2200000 a 4500
001 vtls001478720
003 SK-MaSNL
005 20260228160812.0
008 040716d19942012xo qr|p 0 0a0eng
022 |a 1335-8863 
035 |a SNK000434020 
035 |a (SVKBB03)vtls000252200 
040 |a SNK  |b slo  |c SNK  |d SVKBB  |d SAVUK  |e AACR2 
041 0 |a eng 
044 |a xo  |c SK 
072 7 |a 69  |x Stavebníctvo  |2 konspekt 
072 7 |a 624  |x Stavebné inžinierstvo  |2 konspekt 
080 |a 69  |2 2001 
080 |a 624.01/.07  |2 2001 
080 |a 050  |2 2001 
080 |a (051)001  |2 2001 
210 0 |a Build. res. j.  |b (Bratisl.) 
222 0 |a Building research journal  |b (Bratislava) 
245 0 0 |a Building research journal  |b quarterly journal for theoretical problems of structural materials and structures 
247 0 1 |a Building research journal  |b bimonthly journal for theoretical problems of structural materials and structures  |f 1994-1995 
260 |a Bratislava  |b Slovak Academic Press  |c 1994-2012 
260 3 |3 2005-2012  |a Bratislava  |b Institute of Construction and Architecture Slovak Academy of Sciences 
300 |a zv.  |c 26 cm 
310 |a 4x ročne  |b 2003-2012 
321 |a 6x ročne  |b 1994-2002 
362 0 |a Vol. 42, no. 1 (1994)- vol. 60, no. 3-4 (2012) 
500 |a Šéfredaktor: (?-2009), Ivan Janotka; (2010-), Peter Matiašovský 
500 |a V rokoch 1953-1993 vychádzal pod názvom Stavebnícky časopis 
650 0 7 |a stavebníctvo  |2 SNKPH  |9 726 
650 0 7 |a stavebné materiály  |2 SNKPH  |9 31817 
650 0 7 |a stavebné konštrukcie  |2 SNKPH  |9 3695 
650 0 7 |a inžinierske staviteľstvo  |2 SNKPH  |9 725 
650 0 7 |a Construction industry  |2 SNKPHeng  |9 265212 
650 0 7 |a Building materials  |2 SNKPHeng  |9 266953 
650 0 7 |a Structures  |2 SNKPHeng  |9 267357 
650 0 7 |a Structural engineering  |2 SNKPHeng  |9 267358 
655 7 |a vedecké časopisy  |2 SNKPH  |9 70520 
655 7 |a Scientific journals  |2 SNKPHeng  |9 265227 
700 1 |a Janotka, Ivan  |4 pbd  |9 267359 
700 1 |a Matiašovský, Peter,  |d 1956-  |4 pbd  |9 6787 
710 2 |a Slovenská akadémia vied.  |b Ústav stavebníctva a architektúry  |9 89917 
780 0 0 |t Stavebnícky časopis  |x 0039-078X  |w vtls008880734 
852 |a Štátna vedecká knižnica v Banskej Bystrici 
910 |a savuk 
910 |a snk 
916 |a 1994-2011, 2012 
999 |c 3629  |d 5559 
952 |0 0  |1 0  |4 0  |7 0  |a SNK  |b SNK  |d 2013-11-28  |f 1  |i snkČSP 3477/99  |l 0  |o snkČSC 521/43/1995  |p 17A0734003  |r 2026-02-21 19:32:55  |t č. 1-4  |w 2026-02-21  |y PREZ 
952 |0 0  |1 0  |4 0  |7 0  |a SNK  |b SNK  |d 2013-11-28  |f 1  |i snkČSP 3473/99  |l 0  |o snkČSC 521/44/1996  |p 17A0734002  |r 2026-02-21 19:32:55  |t č. 1-4  |w 2026-02-21  |y PREZ 
952 |0 0  |1 0  |4 0  |7 0  |a SNK  |b SNK  |d 2013-11-28  |f 1  |i snkČSP 3479/99  |l 0  |o snkČSC 521/45/1997  |p 17A0734001  |r 2026-02-21 19:32:55  |t č. 1-4  |w 2026-02-21  |y PREZ 
952 |0 0  |1 0  |4 0  |7 0  |a SNK  |b SNK  |d 2013-11-28  |f 1  |i snkČSP 1753/2003  |l 0  |o snkČSC 521/46/1998  |p 17A0734000  |r 2026-02-21 19:32:55  |t č. 1-4  |w 2026-02-21  |y PREZ 
952 |0 0  |1 0  |4 0  |7 0  |a SNK  |b SNK  |d 2013-11-28  |f 1  |i snkČSP 1751/2003  |l 0  |o snkČSC 521/47/1999  |p 17A0733999  |r 2026-02-21 19:32:55  |t č. 1-4  |w 2026-02-21  |y PREZ 
952 |0 0  |1 0  |4 0  |7 0  |a SNK  |b SNK  |d 2013-11-28  |f 1  |i snkČSP 1747/2003  |l 0  |o snkČSC 521/48/2000  |p 17A0733998  |r 2026-02-21 19:32:55  |t č. 1-4  |w 2026-02-21  |y PREZ 
952 |0 0  |1 0  |4 0  |7 0  |a SNK  |b SNK  |d 2013-11-28  |f 1  |i snkČSP 1749/2003  |l 0  |o snkČSC 521/49/2001  |p 17A0766792  |r 2026-02-21 19:32:55  |t č. 1-4  |w 2026-02-21  |y PREZ 
952 |0 0  |1 0  |4 0  |7 0  |8 0  |a SNK  |b SNK  |d 2008-01-28  |f 1  |i snk2008/2150  |l 0  |o snkČSC 521/50/2002  |p 17A0574148  |r 2026-02-21 20:28:27  |t č. 1-4  |w 2026-02-21  |y PREZ 
952 |0 0  |1 0  |4 0  |7 0  |8 0  |a SNK  |b SNK  |d 2008-01-28  |i snk2008/2151  |l 0  |o snkČSC 521/50/2002 D1  |p 17A0574149  |r 2026-02-21 20:28:27  |t č. 1-4  |w 2026-02-21  |y PREZ 
952 |0 0  |1 0  |4 0  |7 0  |8 0  |a SNK  |b SNK  |d 2008-01-28  |f 1  |i snk2008/2152  |l 0  |o snkČSC 521/51/2003  |p 17A0574150  |r 2026-02-21 20:28:27  |t č. 1-4  |w 2026-02-21  |y PREZ 
952 |0 0  |1 0  |4 0  |7 0  |8 0  |a SNK  |b SNK  |d 2008-01-28  |i snk2008/2153  |l 0  |o snkČSC 521/51/2003 D1  |p 17A0574151  |r 2026-02-21 20:28:27  |t č. 1-4  |w 2026-02-21  |y PREZ 
952 |0 0  |1 0  |4 0  |7 0  |8 0  |a SNK  |b SNK  |d 2008-01-28  |f 1  |i snk2008/2154  |l 0  |o snkČSC 521/52/2004  |p 17A0574152  |r 2026-02-21 20:28:27  |t č. 1-4  |w 2026-02-21  |y PREZ 
952 |0 0  |1 0  |4 0  |7 0  |8 0  |a SNK  |b SNK  |d 2008-01-28  |i snk2008/2155  |l 0  |o snkČSC 521/52/2004 D1  |p 17A0574153  |r 2026-02-21 20:28:27  |t č. 1-4  |w 2026-02-21  |y PREZ 
952 |0 0  |1 0  |4 0  |7 0  |8 0  |a SNK  |b SNK  |d 2008-01-28  |f 1  |i snk2008/2157  |l 0  |o snkČSC 521/53/2005  |p 17A0574154  |r 2026-02-21 20:28:27  |t č. 1-4  |w 2026-02-21  |y PREZ 
952 |0 0  |1 0  |4 0  |7 0  |8 0  |a SNK  |b SNK  |d 2008-01-28  |i snk2008/2158  |l 0  |o snkČSC 521/53/2005 D1  |p 17A0574155  |r 2026-02-21 20:28:28  |t č. 1-4  |w 2026-02-21  |y PREZ 
952 |0 0  |1 0  |4 0  |7 0  |a SNK  |b SNK  |d 2008-01-30  |f 1  |i snkČSP 3472/99  |l 0  |o snkČSC 521/42/1994  |p 17A0523026  |r 2026-02-21 20:28:37  |t č. 1-5  |w 2026-02-21  |y PREZ 
952 |0 0  |1 0  |4 0  |7 0  |a SNK  |b SNK  |d 2008-01-30  |i snkČSP 3480/99  |l 0  |o snkČSC 521/45/1997 D1  |p 17A0523027  |r 2026-02-21 20:28:37  |t č. 1-4  |w 2026-02-21  |y PREZ 
952 |0 0  |1 0  |4 0  |7 0  |8 0  |a SNK  |b SNK  |d 2018-10-12  |f 1  |i snk2018/20723  |l 0  |o snkČSC 521/60/2012  |p 17A1328573  |r 2026-02-21 21:23:02  |t č. 1-4  |w 2026-02-21  |y PREZ 
952 |0 0  |1 0  |4 0  |7 0  |8 0  |a SNK  |b SNK  |d 2018-10-12  |i snk2018/20726  |l 0  |o snkČSC 521/60/2012 D1  |p 17A1328572  |r 2026-02-21 21:23:03  |t č. 1-4  |w 2026-02-21  |y PREZ 
952 |0 0  |1 0  |4 0  |7 0  |8 0  |a SNK  |b SNK  |d 2013-10-16  |i snk2013/25084  |l 0  |o snkČSC 521/55/2007 D1  |p 17A1086256  |r 2026-02-21 21:24:01  |t č. 1-4  |w 2026-02-21  |y PREZ 
952 |0 0  |1 0  |4 0  |7 0  |8 0  |a SNK  |b SNK  |d 2013-10-16  |f 1  |i snk2013/25081  |l 0  |o snkČSC 521/54/2006  |p 17A1086253  |r 2026-02-21 21:32:46  |t č. 1-4  |w 2026-02-21  |y PREZ 
952 |0 0  |1 0  |4 0  |7 0  |8 0  |a SNK  |b SNK  |d 2013-10-16  |i snk2013/25082  |l 0  |o snkČSC 521/54/2006 D1  |p 17A1086254  |r 2026-02-21 21:32:46  |t č. 1-4  |w 2026-02-21  |y PREZ 
952 |0 0  |1 0  |4 0  |7 0  |8 0  |a SNK  |b SNK  |d 2013-10-16  |f 1  |i snk2013/25083  |l 0  |o snkČSC 521/55/2007  |p 17A1086255  |r 2026-02-21 21:32:46  |t č. 1-4  |w 2026-02-21  |y PREZ 
952 |0 0  |1 0  |4 0  |7 0  |8 0  |a SNK  |b SNK  |d 2013-10-16  |f 1  |i snk2013/25087  |l 0  |o snkČSC 521/56/2008  |p 17A1086257  |r 2026-02-21 21:32:46  |t č. 1-4  |w 2026-02-21  |y PREZ 
952 |0 0  |1 0  |4 0  |7 0  |8 0  |a SNK  |b SNK  |d 2013-10-16  |i snk2013/25090  |l 0  |o snkČSC 521/56/2008 D1  |p 17A1086258  |r 2026-02-21 21:32:46  |t č. 1-4  |w 2026-02-21  |y PREZ 
952 |0 0  |1 0  |4 0  |7 0  |8 0  |a SNK  |b SNK  |d 2013-10-16  |f 1  |i snk2013/25092  |l 0  |o snkČSC 521/57/2009  |p 17A1086259  |r 2026-02-21 21:32:46  |t č. 1-4  |w 2026-02-21  |y PREZ 
952 |0 0  |1 0  |4 0  |7 0  |8 0  |a SNK  |b SNK  |d 2013-10-16  |i snk2013/25101  |l 0  |o snkČSC 521/57/2009 D1  |p 17A1086260  |r 2026-02-21 21:32:46  |t č. 1-4  |w 2026-02-21  |y PREZ 
952 |0 0  |1 0  |4 0  |7 0  |8 0  |a SNK  |b SNK  |d 2013-10-16  |f 1  |i snk2013/25124  |l 0  |o snkČSC 521/58/2010  |p 17A1086261  |r 2026-02-21 21:32:46  |t č. 1-4  |w 2026-02-21  |y PREZ 
952 |0 0  |1 0  |4 0  |7 0  |8 0  |a SNK  |b SNK  |d 2013-10-16  |i snk2013/25125  |l 0  |o snkČSC 521/58/2010 D1  |p 17A1086262  |r 2026-02-21 21:32:46  |t č. 1-4  |w 2026-02-21  |y PREZ 
952 |0 0  |1 0  |4 0  |7 0  |8 0  |a SNK  |b SNK  |d 2013-10-16  |f 1  |i snk2013/25126  |l 0  |o snkČSC 521/59/2011  |p 17A1086263  |r 2026-02-21 21:32:46  |t č. 1-4  |w 2026-02-21  |y PREZ 
952 |0 0  |1 0  |4 0  |7 0  |8 0  |a SNK  |b SNK  |d 2013-10-16  |i snk2013/25128  |l 0  |o snkČSC 521/59/2011 D1  |p 17A1086264  |r 2026-02-21 21:32:46  |t č. 1-4  |w 2026-02-21  |y PREZ